Indigenous Languages of Quebec on the Map - Statistics

General Stats
  • This quiz has been taken 379 times
  • The average score is 6 of 11
Answers on the Map
Answers color-coded by a green-red scale on the quiz's map according to % correct below.
 
Answer Stats
Family Ethnic pop Speakers Language % Correct
Algic 28 k 10 k Innu-aimen
91%
Algic 27 k 18 k East Cree
81%
Iroquoian 33 k 3.8 k * Mohawk
67%
Algic 17 k 3.3 k Algonquin
65%
Eskimo-Aleut 20 k 16 k Inuktitut
62%
Algic 168 k 7.1 k * Mi'kmaq
56%
Iroquoian 4.3 k 0 Wendat
44%
Algic 16 k 12 Abenaki
30%
Algic 1.2 k 1.2 k Naskapi
22%
Algic 8.0 k 6.2 k Atikamekw
19%
Algic 5.5 k 355 * Maliseet
16%
No matching quizzes found
Score Distribution
Percent of People with Each Score
Percentile by Number Answered
Your Score History
You have not taken this quiz